| 000 | 00658nam a2200205Ii 4500 | ||
|---|---|---|---|
| 003 | JO-AjNU | ||
| 008 | 230605s9999||||xx |||||||||||||| ||und|| | ||
| 017 | _a2007/7/2019 | ||
| 040 |
_aJO-AjNU _bara _erda _cJO-AjNU |
||
| 041 | _aara | ||
| 050 | 1 | 4 | _aBP13.4.F37.2007 |
| 100 | 3 |
_aحمدان،جمعة بن محمد/جمع واعداد, _eauthor _915160 |
|
| 245 | 0 | 0 | _aفتاوى من القرآن |
| 264 | 3 | 1 | _aعمان:دار زهران للنشر والتوزيع ، 2007 |
| 300 | _a126ص | ||
| 336 |
_atext _btxt _2rdacontent |
||
| 337 |
_aunmediated _bn _2rdamedia |
||
| 338 |
_avolume _bnc _2rdacarrier |
||
| 650 | 4 |
_aفتاوى من القرآن _915161 |
|
| 999 |
_aA4216 _c7784 _d7784 |
||